Por los caminos del sur: el Plan Puebla - Panamá /

El documento se presenta como una revisión de los principales indicadores socioeconómicos del sur-sureste mexicano presentados en el Plan Puebla - Panamá a partir de sus objetivos, la estrategia trazada y se reflexiona sobre el enomrme reto que significa este ambicioso proyecto gubernamental ante lo...

Olles dieđut

Furkejuvvon:
Bibliográfalaš dieđut
Váldodahkki: Salomón, Alfredo
Materiálatiipa: Texto
Fáttát:
Fáddágilkorat: Lasit fáddágilkoriid
Eai fáddágilkorat, Lasit vuosttaš fáddágilkora!

MARC

LEADER 00000 a a2200000 04500
001 3504
003
040
100 |a Salomón, Alfredo  
245 |a Por los caminos del sur:   |b el Plan Puebla - Panamá /  |c Alfredo Salomón 
520 |a El documento se presenta como una revisión de los principales indicadores socioeconómicos del sur-sureste mexicano presentados en el Plan Puebla - Panamá a partir de sus objetivos, la estrategia trazada y se reflexiona sobre el enomrme reto que significa este ambicioso proyecto gubernamental ante los claroscuros del entorno económico. El autor concluye proporcionando algunas consideraciones generales sobre el tema y su enfoque en la sociedad mexicana  
650 |a PLANIFICACION ECONOMICA  
650 |a DESARROLLO ECONOMICO  
650 |a INDICADORES ECONOMICOS  
650 |a INDICADORES SOCIALES  
650 |a COMDICIONES ECONOMICAS  
650 |a MEXICO  
773 |g volumen 51, número 11; páginas 970-974  
999 |c 37824  |d 37824